Az offshore cégek gazdasági szerepe és hatása a globális és magyar adóelkerülésben
| Main Author: | |
|---|---|
| Other Authors: | |
| Format: | Students’ Scientific Association paper |
| Kulcsszavak: | adóelkerülés adóparadicsom(ok) adópolitika globális gazdaság magyarországi adórendszer offshore cég transzferár(ak) visegrádi országok |
| Online Access: | http://dolgozattar.uni-bge.hu/60518 |
MARC
| LEADER | 00000nta a2200000 i 4500 | ||
|---|---|---|---|
| 001 | dolg60518 | ||
| 005 | 20260416073835.0 | ||
| 008 | 260416suuuu hu o 000 hun d | ||
| 040 | |a BGE Dolgozattár Repozitórium |b hun | ||
| 041 | |a hu | ||
| 100 | 1 | |a Mihályová Karolína | |
| 245 | 1 | 3 | |a Az offshore cégek gazdasági szerepe és hatása a globális és magyar adóelkerülésben |c Mihályová Karolína |h [elektronikus dokumentum] |
| 516 | |a Students_Scientific_Association_paper | ||
| 520 | 3 | |a AZ OFFSHORE CÉGEK GAZDASÁGI SZEREPE ÉS HATÁSA A GLOBÁLIS ÉS MAGYAR ADÓELKERÜLÉSBEN A dolgozat témaválasztását a globális adóverseny és a vállalati adóelkerülés növekvő gazdasági és társadalmi hatásai indokolták. A multinacionális vállalatok adóoptimalizálási gyakorlata ma már nemcsak fiskális, hanem versenyképességi kérdés is. A kutatás célja annak feltárása, hogy az offshore struktúrák miként torzítják az adóalapot, és hogyan befolyásolják Magyarország adóbevételeit és fiskális mozgásterét. A dolgozat két hipotézist vizsgál: (H1) Az offshore működés érdemben torzítja a globális és a magyar adórendszer bevételi szerkezetét, mivel a nyereség jelentős része alacsony adóterhelésű országokban realizálódik. (H2) Az offshore profitkiáramlás hosszú távon csökkenti Magyarország tényleges adóbevételi potenciálját és fiskális stabilitását. Az OECD becslése szerint a profitátcsoportosítás miatt évente a világ társasági adóbevételeinek 4–10%-a, mintegy 100–240 milliárd USD vész el, ami jól érzékelteti a jelenség súlyát. A kutatás kvalitatív módszertannal készült, nemzetközi szakirodalom, OECD- és EU-jelentések, valamint magyar intézményi források feldolgozásával. Az empirikus rész két szintre épül: nemzetközi esettanulmányok (Apple, Starbucks, IKEA) és magyar vállalati példák (MOL Nyrt., Magyar Suzuki Zrt.) elemzésére. A vizsgálat kiegészült a Visegrádi országok társasági adóstruktúráinak összehasonlításával, amely lehetővé tette a magyar adópolitika regionális értékelését. Az eredmények szerint az offshore struktúrák torzítják az adóbevételek földrajzi eloszlását, és gyengítik a fiskális önfinanszírozást. Magyarország 9%-os adókulcsa erősíti a befektetői vonzerőt, ugyanakkor hosszú távon szűkítheti a költségvetési mozgásteret, ha nem társul hozzá hatékony adóalap-védelem. A V4-országok elemzése alapján a progresszív adómodellek (pl. Szlovákia) nagyobb fiskális rugalmasságot biztosítanak a globális adóversenyben. A dolgozat gazdaságpolitikai következtetése, hogy a versenyképesség és a méltányos közteherviselés közötti egyensúly csak tudatos, hosszú távú adópolitikai stratégia mellett tartható fenn. A kutatás eredményei hozzájárulnak ahhoz, hogy Magyarország fenntartható, értékteremtésre épülő adópolitikai modellt kialakítson a globális adóverseny kihívásai között. | |
| 695 | |a adóelkerülés | ||
| 695 | |a adóparadicsom(ok) | ||
| 695 | |a adópolitika | ||
| 695 | |a globális gazdaság | ||
| 695 | |a magyarországi adórendszer | ||
| 695 | |a offshore cég | ||
| 695 | |a transzferár(ak) | ||
| 695 | |a visegrádi országok | ||
| 700 | 1 | |a Hegedűs Dr. Szilárd |e ths | |
| 856 | 4 | 0 | |u http://dolgozattar.uni-bge.hu/60518/1/TDK%20dolgozat%20Mih%C3%A1ly%20Karol%C3%ADna%202025.pdf |z Dokumentum-elérés |
| 856 | 4 | 0 | |u http://dolgozattar.uni-bge.hu/60518/2/Mih%C3%A1lyov%C3%A1%20Karol%C3%ADna%20rezume%202025.docx |z Dokumentum-elérés |
| 856 | 4 | 0 | |u http://dolgozattar.uni-bge.hu/60518/3/Mih%C3%A1lyov%C3%A1%20Karol%C3%ADna%20BGE%20TDK%20Szerz%C5%91i%20hozz%C3%A1j%C3%A1rul%C3%A1s%20nyilatkozat%202025.docx |z Dokumentum-elérés |
| 856 | 4 | 0 | |u http://dolgozattar.uni-bge.hu/60518/4/TDK%20dolgozat%20Mih%C3%A1ly%20Karol%C3%ADna%202025.docx |z Dokumentum-elérés |
| 856 | 4 | 0 | |u http://dolgozattar.uni-bge.hu/60518/5/05_Dolgozat_biralati_lap_2025_HU_%C3%9AJ_LOGO_Mih%C3%A1ly_Karolina.pdf |z Dokumentum-elérés |
| 856 | 4 | 0 | |u http://dolgozattar.uni-bge.hu/60518/6/05_Dolgozat_biralati_lap_2025_Mih%C3%A1lyov%C3%A1%20Karol%C3%ADna.pdf |z Dokumentum-elérés |